The Cassell spelling dictionary / (Record no. 12737)

000 -LEADER
fixed length control field 00463cam a2200169 a 4500
020 ## - INTERNATIONAL STANDARD BOOK NUMBER
ISBN 0304340154
040 ## - CATALOGING SOURCE
Transcribing agency DLC
082 00 - DEWEY DECIMAL CLASSIFICATION NUMBER
Classification number 423 CAS 1990 A022 Or.
100 1# - MAIN ENTRY--AUTHOR NAME
Personal name Firnberg, david.
245 14 - TITLE STATEMENT
Title The Cassell spelling dictionary /
250 ## - EDITION STATEMENT
Edition statement New and expanded ed.
260 ## - PUBLICATION, DISTRIBUTION, ETC. (IMPRINT)
Place of publication London :
Name of publisher Cassell ;
Place of publication New York, N.Y. :
Name of publisher Distributed by Sterling Pub.,
Year of publication 1990.
300 ## - PHYSICAL DESCRIPTION
Number of Pages 278 p. ;
Dimensions 20 cm.
650 #0 - SUBJECT ADDED ENTRY--TOPICAL TERM
Topical Term Spellers.
650 #0 - SUBJECT ADDED ENTRY--TOPICAL TERM
Topical Term English language
942 ## - ADDED ENTRY ELEMENTS (KOHA)
Koha item type សៀវភៅភាសាអង់គ្លេស
952 ## - LOCATION AND ITEM INFORMATION (KOHA)
Withdrawn status [LOCAL, KOHA] 0
Holdings
Permanent Location Date acquired Koha item type Lost status Shelving location Barcode Current Location Full call number
Library Block A2017-08-16សៀវភៅភាសាអង់គ្លេស A022A18103Library Block A423 CAS 1990 A022 Or.
មជ្ឈមណ្ឌលឯការនៃសាកលវិទ្យាល័យភូមិន្ទកសិកម្មចំការដូង

Powered by Koha